00310nam a2200133Ia 45000030006000000080041000060400015000471000024000622450030000862500011001162600020001275460012001470050017001590STCL150530s9999 xx 000 0 und d aSTCLcSTCL aFindlay Shirras, G. aScience of public finance aSecond bMacmillanc1925 aEnglish20220125165537.0